Histoire de l'imprimerie et des arts et professions qui se ratachent à la typographie .. (Record no. 156853)

MARC details
000 -LEADER
campo de control de longitud fija 01283nam a2200277 i 4500
001 - NÚMERO DE CONTROL
campo de control 156853
003 - IDENTIFICADOR DE NÚMERO DE CONTROL
campo de control ES-MaACL
005 - FECHA Y HORA DE LA ÚLTIMA TRANSACCIÓN
campo de control 20250825025149.0
008 - DATOS DE LONGITUD FIJA--INFORMACIÓN GENERAL
campo de control de longitud fija 891117s1852 fr a |||| | fre d
040 ## - FUENTE DE CATALOGACIÓN
Centro catalogador/agencia de origen CAT
Lengua de catalogación spa
Centro/agencia transcriptor CAT
Centro/agencia modificador CCPB
080 ## - NÚMERO DE LA CLASIFICACIÓN DECIMAL UNIVERSAL
Número de la Clasificación Decimal Universal 655
080 ## - NÚMERO DE LA CLASIFICACIÓN DECIMAL UNIVERSAL
Número de la Clasificación Decimal Universal 002
100 1# - ENTRADA PRINCIPAL--NOMBRE DE PERSONA
Nombre de persona Lacroix, Paul (
Fechas asociadas al nombre 1806-1884)
9 (RLIN) 69408
245 10 - MENCIÓN DEL TÍTULO
Título Histoire de l'imprimerie et des arts et professions qui se ratachent à la typographie ..
Resto del título : comprenant l'histoire des anciennes corporations et confréries d'écrivains, d'enlumineurs, de parcheminers ... depuis leur fondation jusqu'à leur supression en 1789 /
Mención de responsabilidad, etc. Paul Lacroix (Bibliophile Jacob), Édouard Fournier et Ferdinand Seré.
260 ## - PUBLICACIÓN, DISTRIBUCIÓN, ETC.
Lugar de publicación, distribución, etc. Paris :
Nombre del editor, distribuidor, etc. Librairie historique, archéologique et scientifique de Seré,
Fecha de publicación, distribución, etc. 1852.
300 ## - DESCRIPCIÓN FÍSICA
Extensión 160 p., [19] h. de láms. :
Otras características físicas il., algunas col. ;
Dimensiones 28 cm.
490 1# - MENCIÓN DE SERIE
Mención de serie Le Livre d'or des métiers
650 #7 - PUNTO DE ACCESO ADICIONAL DE MATERIA--TÉRMINO DE MATERIA
Término de materia o nombre geográfico como elemento de entrada Libros-
Subdivisión de forma Historia
Fuente del encabezamiento o término
9 (RLIN) 168346
650 #4 - PUNTO DE ACCESO ADICIONAL DE MATERIA--TÉRMINO DE MATERIA
Término de materia o nombre geográfico como elemento de entrada Imprenta-
Subdivisión de forma Historia.
9 (RLIN) 144605
700 1# - ENTRADA AGREGADA--NOMBRE PERSONAL
Nombre de persona Seré, Ferdinand (
Fechas asociadas al nombre 1818-1855)
9 (RLIN) 132690
700 0# - ENTRADA AGREGADA--NOMBRE PERSONAL
Nombre de persona Fournier, Edouard.
9 (RLIN) 51978
710 2# - ENTRADA AGREGADA--NOMBRE DE ENTIDAD CORPORATIVA
Nombre de entidad corporativa o nombre de jurisdicción como elemento de entrada Librairie historique, archéologique et scientifique (París)
9 (RLIN) 134637
830 0# - PUNTO DE ACCESO ADICIONAL DE SERIE-TÍTULO UNIFORME
Título uniforme Le Livre d'or des métiers
9 (RLIN) 221728
852 ## - LOCALIZACIÓN
Ubicación ES-MaACL
Número de control de estantería R-3437
Nota libre . - Enc. hol.
Holdings
Estatus retirado Estado de pérdida Estado de daño No para préstamo Colección Biblioteca de origen Biblioteca actual Ubicación en estantería Fecha de adquisición Total de préstamos Signatura topográfica completa Código de barras Visto por última vez Precio de reemplazo Tipo de ítem Koha
        Libros del s. XIX Biblioteca del Ateneo de Madrid Biblioteca del Ateneo de Madrid Depósito 17/01/2008   R-3437 1164108 23/02/2023 23/02/2023 Libro impreso antiguo